000 00561nai a2200169Ia 4500
003 IN-BaIIA
008 211028c9999 xx s 000 0 eng d
022 _a2210-271X (Online)
040 _cIIA Library
245 0 _aComputational and Theoretical Chemistry
_h[eJournal]
260 _aNew York
_bElsevier
310 _a22/year
362 _a963(1); 2011 - Present
521 _bSubscribed through National Knowledge Resource Consortium (NKRC)
856 _uhttps://www.sciencedirect.com/science/journal/2210271X
_yClick Here to Access eJournal
942 _cEJ
999 _c34225
_d34225